Five Fall Into Adventure (Record no. 593628)

000 -LEADER
fixed length control field 00316nam a22001337a 4500
020 ## - INTERNATIONAL STANDARD BOOK NUMBER
International Standard Book Number 9781444936391
040 ## - CATALOGING SOURCE
Transcribing agency NUST
082 ## - DEWEY DECIMAL CLASSIFICATION NUMBER
Classification number 823-CH BLY
100 ## - MAIN ENTRY--PERSONAL NAME
Personal name Blyton, Enid
240 ## - UNIFORM TITLE
Uniform title The Famous Five
245 ## - TITLE STATEMENT
Title Five Fall Into Adventure
260 ## - PUBLICATION, DISTRIBUTION, ETC.
Place of publication, distribution, etc. LONDON:
Name of publisher, distributor, etc. Hodder Children,s Book
Date of publication, distribution, etc. 1997.
942 ## - ADDED ENTRY ELEMENTS (KOHA)
Source of classification or shelving scheme
Koha item type Book
Holdings
Withdrawn status Lost status Source of classification or shelving scheme Damaged status Not for loan Permanent Location Current Location Shelving location Date acquired Shelving control number Full call number Barcode Date last seen Price effective from Koha item type Public note
          College of Electrical & Mechanical Engineering (CEME) College of Electrical & Mechanical Engineering (CEME) Fiction 03/13/2023 English Literature 823-CH BLY CEME-50260 03/13/2023 03/13/2023 Book CART-4
© 2023 Central Library, National University of Sciences and Technology. All Rights Reserved.